<?xml version="1.0" encoding="UTF-8"?>
<record
    xmlns:xsi="http://www.w3.org/2001/XMLSchema-instance"
    xsi:schemaLocation="http://www.loc.gov/MARC21/slim http://www.loc.gov/standards/marcxml/schema/MARC21slim.xsd"
    xmlns="http://www.loc.gov/MARC21/slim">

  <leader>00703nam a22001337a 4500</leader>
  <datafield tag="040" ind1=" " ind2=" ">
    <subfield code="c">RUA</subfield>
  </datafield>
  <datafield tag="082" ind1=" " ind2=" ">
    <subfield code="a">VEM CHH 2015 B534 Or.1</subfield>
  </datafield>
  <datafield tag="100" ind1=" " ind2=" ">
    <subfield code="a">CHHOEM MARADY; &#x1788;&#x17B9;&#x1798; &#x1798;&#x17C9;&#x17B6;&#x179A;&#x17C9;&#x17B6;&#x178C;&#x17B8;</subfield>
  </datafield>
  <datafield tag="245" ind1=" " ind2=" ">
    <subfield code="a">Effect of Levamisol and Ivomec-f on gastrointestinal parasites of Cattle under 3 year in Preykabas district, Takeo Province; &#x1794;&#x17D2;&#x179A;&#x179F;&#x17B7;&#x1791;&#x17D2;&#x1791;&#x1797;&#x17B6;&#x1796; Levamisol &#x1793;&#x17B7;&#x1784; Ivomec-F &#x179B;&#x17BE;&#x1794;&#x179A;&#x17B6;&#x179F;&#x17B7;&#x178F;&#x1780;&#x17D2;&#x179A;&#x1796;&#x17C7;&#x1796;&#x17C4;&#x17C7;&#x179C;&#x17C0;&#x1793;&#x1782;&#x17C4;&#x17A2;&#x17B6;&#x1799;&#x17BB;&#x1780;&#x17D2;&#x179A;&#x17C4;&#x1798; &#x17E3;&#x1786;&#x17D2;&#x1793;&#x17B6;&#x17C6; &#x1793;&#x17C5;&#x179F;&#x17D2;&#x179A;&#x17BB;&#x1780;&#x1796;&#x17D2;&#x179A;&#x17C3;&#x1780;&#x1794;&#x17D2;&#x1794;&#x17B6;&#x179F; &#x1781;&#x17C1;&#x178F;&#x17D2;&#x178F;&#x178F;&#x17B6;&#x1780;&#x17C2;&#x179C;</subfield>
  </datafield>
  <datafield tag="260" ind1=" " ind2=" ">
    <subfield code="a">Phnom Penh</subfield>
    <subfield code="b">RUA</subfield>
    <subfield code="c">2015</subfield>
  </datafield>
  <datafield tag="300" ind1=" " ind2=" ">
    <subfield code="a">x; 39p;</subfield>
    <subfield code="b">ill;</subfield>
    <subfield code="c">29cm;</subfield>
  </datafield>
  <datafield tag="856" ind1=" " ind2=" ">
    <subfield code="u"> CHHOEM MARADY</subfield>
  </datafield>
  <datafield tag="942" ind1=" " ind2=" ">
    <subfield code="c">VEM</subfield>
  </datafield>
  <datafield tag="999" ind1=" " ind2=" ">
    <subfield code="c">10883</subfield>
    <subfield code="d">10883</subfield>
  </datafield>
  <datafield tag="952" ind1=" " ind2=" ">
    <subfield code="0">0</subfield>
    <subfield code="1">0</subfield>
    <subfield code="2">ddc</subfield>
    <subfield code="4">0</subfield>
    <subfield code="6">VEM_CHH_2015_000000000000000_B534_OR_1</subfield>
    <subfield code="7">0</subfield>
    <subfield code="9">57185</subfield>
    <subfield code="a">LBB</subfield>
    <subfield code="b">LBB</subfield>
    <subfield code="c">B534</subfield>
    <subfield code="d">2016-11-23</subfield>
    <subfield code="o">VEM CHH 2015 B534 Or.1</subfield>
    <subfield code="p">A03148</subfield>
    <subfield code="r">2016-11-23</subfield>
    <subfield code="w">2016-11-23</subfield>
    <subfield code="y">VEM</subfield>
  </datafield>
  <datafield tag="952" ind1=" " ind2=" ">
    <subfield code="0">0</subfield>
    <subfield code="1">0</subfield>
    <subfield code="2">ddc</subfield>
    <subfield code="4">0</subfield>
    <subfield code="6">VEM_CHH_2015_000000000000000_B534_OR_2</subfield>
    <subfield code="7">0</subfield>
    <subfield code="9">57186</subfield>
    <subfield code="a">LBB</subfield>
    <subfield code="b">LBB</subfield>
    <subfield code="c">B534</subfield>
    <subfield code="d">2016-11-23</subfield>
    <subfield code="o">VEM CHH 2015 B534 Or.2</subfield>
    <subfield code="p">A03071</subfield>
    <subfield code="r">2016-11-23</subfield>
    <subfield code="w">2016-11-23</subfield>
    <subfield code="y">VEM</subfield>
  </datafield>
  <datafield tag="952" ind1=" " ind2=" ">
    <subfield code="0">0</subfield>
    <subfield code="1">0</subfield>
    <subfield code="2">ddc</subfield>
    <subfield code="4">0</subfield>
    <subfield code="6">VEM_CHH_2015_000000000000000_B534_OR_3</subfield>
    <subfield code="7">0</subfield>
    <subfield code="9">57187</subfield>
    <subfield code="a">LBB</subfield>
    <subfield code="b">LBB</subfield>
    <subfield code="c">B534</subfield>
    <subfield code="d">2016-11-23</subfield>
    <subfield code="o">VEM CHH 2015 B534 Or.3</subfield>
    <subfield code="p">A03467</subfield>
    <subfield code="r">2016-11-23</subfield>
    <subfield code="w">2016-11-23</subfield>
    <subfield code="y">VEM</subfield>
  </datafield>
  <datafield tag="952" ind1=" " ind2=" ">
    <subfield code="0">0</subfield>
    <subfield code="1">0</subfield>
    <subfield code="2">ddc</subfield>
    <subfield code="4">0</subfield>
    <subfield code="6">VEM_CHH_2015_000000000000000_B534_OR_4</subfield>
    <subfield code="7">0</subfield>
    <subfield code="9">57188</subfield>
    <subfield code="a">LBB</subfield>
    <subfield code="b">LBB</subfield>
    <subfield code="c">B534</subfield>
    <subfield code="d">2016-11-23</subfield>
    <subfield code="o">VEM CHH 2015 B534 Or.4</subfield>
    <subfield code="p">A04422</subfield>
    <subfield code="r">2016-11-23</subfield>
    <subfield code="w">2016-11-23</subfield>
    <subfield code="y">VEM</subfield>
  </datafield>
  <datafield tag="952" ind1=" " ind2=" ">
    <subfield code="0">0</subfield>
    <subfield code="1">0</subfield>
    <subfield code="2">ddc</subfield>
    <subfield code="4">0</subfield>
    <subfield code="6">VEM_CHH_2015_000000000000000_B534_OR_5</subfield>
    <subfield code="7">0</subfield>
    <subfield code="9">57189</subfield>
    <subfield code="a">LBB</subfield>
    <subfield code="b">LBB</subfield>
    <subfield code="c">B534</subfield>
    <subfield code="d">2016-11-23</subfield>
    <subfield code="o">VEM CHH 2015 B534 Or.5</subfield>
    <subfield code="p">A03617</subfield>
    <subfield code="r">2016-11-23</subfield>
    <subfield code="w">2016-11-23</subfield>
    <subfield code="y">VEM</subfield>
  </datafield>
  <datafield tag="952" ind1=" " ind2=" ">
    <subfield code="0">0</subfield>
    <subfield code="1">0</subfield>
    <subfield code="2">ddc</subfield>
    <subfield code="4">0</subfield>
    <subfield code="6">VEM_CHH_2015_000000000000000_B534_OR_6</subfield>
    <subfield code="7">0</subfield>
    <subfield code="9">57190</subfield>
    <subfield code="a">LBB</subfield>
    <subfield code="b">LBB</subfield>
    <subfield code="c">B534</subfield>
    <subfield code="d">2016-11-23</subfield>
    <subfield code="o">VEM CHH 2015 B534 Or.6</subfield>
    <subfield code="p">A04186</subfield>
    <subfield code="r">2016-11-23</subfield>
    <subfield code="w">2016-11-23</subfield>
    <subfield code="y">VEM</subfield>
  </datafield>
  <datafield tag="952" ind1=" " ind2=" ">
    <subfield code="0">0</subfield>
    <subfield code="1">0</subfield>
    <subfield code="2">ddc</subfield>
    <subfield code="4">0</subfield>
    <subfield code="6">VEM_CHH_2015_000000000000000_B534_OR_7</subfield>
    <subfield code="7">0</subfield>
    <subfield code="9">57191</subfield>
    <subfield code="a">LBB</subfield>
    <subfield code="b">LBB</subfield>
    <subfield code="c">B534</subfield>
    <subfield code="d">2016-11-23</subfield>
    <subfield code="o">VEM CHH 2015 B534 Or.7</subfield>
    <subfield code="p">A04364</subfield>
    <subfield code="r">2016-11-23</subfield>
    <subfield code="w">2016-11-23</subfield>
    <subfield code="y">VEM</subfield>
  </datafield>
  <datafield tag="952" ind1=" " ind2=" ">
    <subfield code="0">0</subfield>
    <subfield code="1">0</subfield>
    <subfield code="2">ddc</subfield>
    <subfield code="4">0</subfield>
    <subfield code="6">VEM_CHH_2015_000000000000000_B534_OR_8</subfield>
    <subfield code="7">0</subfield>
    <subfield code="9">57192</subfield>
    <subfield code="a">LBB</subfield>
    <subfield code="b">LBB</subfield>
    <subfield code="c">B534</subfield>
    <subfield code="d">2016-11-23</subfield>
    <subfield code="o">VEM CHH 2015 B534 Or.8</subfield>
    <subfield code="p">A01601</subfield>
    <subfield code="r">2016-11-23</subfield>
    <subfield code="w">2016-11-23</subfield>
    <subfield code="y">VEM</subfield>
  </datafield>
</record>
